000 01002nas a2200313 4500
001 BR0304955
003 BR-BrBNA
005 20231205104134.0
007 ta
008 230509b bl.|||p| |||| 00| 00por d
040 _aBR-BrBNA
_bpor
_cBiblioteca Nacional de Agricultura
041 _a(Pt)
072 _aL73; L50
100 1 _aMoro, L.
100 1 _aAlves, C.M.
100 1 _aSantos, F.G.A.
100 1 _aNunes, J.E.S.
100 1 _aCarneiro, R.A.
100 1 _aVasconcelos, A.C.
245 1 _aOcorrência de apoptose em leucócitos no esfregaço de sangue periférico e em sincícios na infecção in vivo pelo vírus da cinomose canina
650 _aCÃO
650 _aCINOMOSE
650 _aGLÓBULO BRANCO
650 _aINFECÇÃO
650 _aBIOQUÍMICA ANIMAL
773 0 _tArquivo Brasileiro de Medicina Veterinária e Zootecnia (Brazil)
_xISSN 0102-0935
_g(Feb 2003), v. 55(1) p. 110-112
_wBR0304955
909 _a202311
_bLúcia
_c55
_dLúcia Elande
942 _2AGRIS
_n0
_cANA
999 _c176569
_d176569